000 00295 a2200133 4500
001 154573
040 _cEscola São Tomás de Aquino
100 _aCARRASCO, Walcyr
240 1 0 _aVida de droga
_lpor
245 1 0 _aVida de droga
362 0 _a2007
697 _a*LITERATURA JUVENIL
942 _cBK
999 _c154573
_d154573